| 000 | 00707cab a2200181 4500 | ||
|---|---|---|---|
| 001 | ##L134916 | ||
| 008 | 060911n2006 000 0 eng u | ||
| 035 | _a(Sirsi) u134916 | ||
| 041 | 0 | _aeng | |
| 100 | 1 | _aLawson, David | |
| 245 | 0 | 0 |
_aTechnology _bhow power failure can kill your data |
| 260 | _c2006 | ||
| 490 | 0 |
_aProperty Week _v71(36) 8 September 2006, 117(1) |
|
| 520 | _aHighlights the damage which can be caused to business through loss of electronic data due to power cuts. Stresses the importance of backing up data regularly and of having a recovery strategy to minimise disruption. | ||
| 590 | _aIKA190906 | ||
| 690 | _aMANAGEMENT-BUSINESS MANAGEMENT-INFORMATION MANAGEMENT | ||
| 942 | _n0 | ||
| 999 |
_c77709 _d77709 |
||